<?xml version="1.0" encoding="UTF-8"?>
<record
    xmlns:xsi="http://www.w3.org/2001/XMLSchema-instance"
    xsi:schemaLocation="http://www.loc.gov/MARC21/slim http://www.loc.gov/standards/marcxml/schema/MARC21slim.xsd"
    xmlns="http://www.loc.gov/MARC21/slim">

  <leader>01534nam1a22003851  4500</leader>
  <controlfield tag="001">RU\NLR\A1\29596</controlfield>
  <controlfield tag="005">20251203152403.2</controlfield>
  <datafield tag="035" ind1=" " ind2=" ">
    <subfield code="a">(NLR Aleph) 009682132</subfield>
  </datafield>
  <datafield tag="090" ind1=" " ind2=" ">
    <subfield code="a">9706023</subfield>
    <subfield code="c">9706023</subfield>
  </datafield>
  <datafield tag="100" ind1=" " ind2=" ">
    <subfield code="a">20011115d1791    u  y0rusy50      ca</subfield>
  </datafield>
  <datafield tag="101" ind1="1" ind2=" ">
    <subfield code="a">rus</subfield>
    <subfield code="c">fre</subfield>
  </datafield>
  <datafield tag="102" ind1=" " ind2=" ">
    <subfield code="a">RU</subfield>
  </datafield>
  <datafield tag="200" ind1="1" ind2=" ">
    <subfield code="a">&#x41F;&#x440;&#x43E;&#x434;&#x43E;&#x43B;&#x436;&#x435;&#x43D;&#x438;&#x435; &#x422;&#x44B;&#x441;&#x44F;&#x447;&#x438; &#x438; &#x43E;&#x434;&#x43D;&#x43E;&#x439; &#x43D;&#x43E;&#x447;&#x438;, &#x441;&#x43A;&#x430;&#x437;&#x43E;&#x43A; &#x430;&#x440;&#x430;&#x431;&#x441;&#x43A;&#x438;&#x445;, &#x43F;&#x440;&#x438;&#x432;&#x435;&#x437;&#x435;&#x43D;&#x43D;&#x44B;&#x445; &#x432;&#x43E; &#x424;&#x440;&#x430;&#x43D;&#x446;&#x438;&#x44E; &#x434;&#x43E;&#x43D;&#x43E;&#x43C; &#x414;&#x435;&#x43D;&#x438;&#x441;&#x43E;&#x43C; &#x428;&#x430;&#x432;&#x438;&#x441;, &#x443;&#x440;&#x43E;&#x436;&#x434;&#x435;&#x43D;&#x43D;&#x44B;&#x43C; &#x430;&#x440;&#x430;&#x431;&#x43E;&#x43C;, &#x43A;&#x43E;&#x442;&#x43E;&#x440;&#x44B;&#x44F; &#x438; &#x43D;&#x430;&#x43F;&#x435;&#x447;&#x430;&#x442;&#x430;&#x43D;&#x44B; &#x43D;&#x430; &#x444;&#x440;&#x430;&#x43D;&#x446;&#x443;&#x437;&#x441;&#x43A;&#x43E;&#x43C; &#x44F;&#x437;&#x44B;&#x43A;&#x435; &#x432; 1789 &#x433;&#x43E;&#x434;&#x443;</subfield>
  </datafield>
  <datafield tag="210" ind1=" " ind2=" ">
    <subfield code="a">&#x421;&#x41F;&#x431;.</subfield>
    <subfield code="c">&#x418;&#x436;&#x434;&#x438;&#x432;&#x435;&#x43D;&#x438;&#x435;&#x43C; &#x418;.&#x41A;.&#x428;&#x43D;&#x43E;&#x440;&#x430;</subfield>
    <subfield code="d">1791</subfield>
  </datafield>
  <datafield tag="215" ind1=" " ind2=" ">
    <subfield code="d">8&#xB0;</subfield>
  </datafield>
  <datafield tag="305" ind1=" " ind2=" ">
    <subfield code="a">&#x412; &#x434;&#x440;. &#x43F;&#x435;&#x440;. &#x438;&#x437;&#x434;. &#x432; &#x41C;&#x43E;&#x441;&#x43A;&#x432;&#x435; &#x432; 1794 &#x433;.</subfield>
  </datafield>
  <datafield tag="321" ind1="1" ind2=" ">
    <subfield code="a">&#x421;&#x41A; XVIII 5697</subfield>
  </datafield>
  <datafield tag="463" ind1=" " ind2="0">
    <subfield code="1">001RU\NLR\A1\29597</subfield>
    <subfield code="9">13476046</subfield>
    <subfield code="p">185 &#x441;.</subfield>
    <subfield code="t">&#x422;.1</subfield>
  </datafield>
  <datafield tag="463" ind1=" " ind2="0">
    <subfield code="1">001RU\NLR\A1\29598</subfield>
    <subfield code="9">13476047</subfield>
    <subfield code="p">189 &#x441;.</subfield>
    <subfield code="t">&#x422;.2</subfield>
  </datafield>
  <datafield tag="620" ind1=" " ind2=" ">
    <subfield code="d">&#x421;&#x430;&#x43D;&#x43A;&#x442;-&#x41F;&#x435;&#x442;&#x435;&#x440;&#x431;&#x443;&#x440;&#x433;</subfield>
  </datafield>
  <datafield tag="702" ind1=" " ind2="1">
    <subfield code="6">z01702</subfield>
    <subfield code="6">z02790</subfield>
    <subfield code="a">&#x428;&#x430;&#x432;&#x438;</subfield>
    <subfield code="b">&#x414;.</subfield>
    <subfield code="g">&#x414;&#x435;&#x43D;&#x438;</subfield>
    <subfield code="4">570</subfield>
  </datafield>
  <datafield tag="702" ind1=" " ind2="1">
    <subfield code="6">z01702</subfield>
    <subfield code="a">Chavis</subfield>
    <subfield code="b">D.</subfield>
    <subfield code="g">Denis</subfield>
    <subfield code="7">ba</subfield>
  </datafield>
  <datafield tag="702" ind1=" " ind2="1">
    <subfield code="6">z03702</subfield>
    <subfield code="a">&#x428;&#x43D;&#x43E;&#x440;</subfield>
    <subfield code="b">&#x418;.&#x41A;.</subfield>
    <subfield code="f">1738-1812</subfield>
    <subfield code="g">&#x418;&#x43E;&#x433;&#x430;&#x43D;&#x43D; &#x41A;&#x430;&#x440;&#x43B;</subfield>
    <subfield code="4">610</subfield>
    <subfield code="4">400</subfield>
  </datafield>
  <datafield tag="702" ind1=" " ind2="1">
    <subfield code="6">z03702</subfield>
    <subfield code="a">Schnoor</subfield>
    <subfield code="b">J.K.</subfield>
    <subfield code="g">Johann Karl</subfield>
    <subfield code="7">ba</subfield>
  </datafield>
  <datafield tag="712" ind1="0" ind2="0">
    <subfield code="a">&#x428;&#x43D;&#x43E;&#x440;</subfield>
    <subfield code="g">&#x418;.&#x41A;.</subfield>
    <subfield code="h">&#x422;&#x438;&#x43F;&#x43E;&#x433;&#x440;&#x430;&#x444;&#x438;&#x44F;</subfield>
    <subfield code="c">&#x421;&#x430;&#x43D;&#x43A;&#x442;-&#x41F;&#x435;&#x442;&#x435;&#x440;&#x431;&#x443;&#x440;&#x433;</subfield>
    <subfield code="4">610</subfield>
  </datafield>
  <datafield tag="790" ind1=" " ind2="1">
    <subfield code="6">z02702</subfield>
    <subfield code="a">&#x428;&#x430;&#x432;&#x438;&#x441;</subfield>
    <subfield code="g">&#x414;&#x435;&#x43D;&#x438;&#x441;</subfield>
    <subfield code="4">570</subfield>
  </datafield>
  <datafield tag="801" ind1=" " ind2="0">
    <subfield code="a">RU</subfield>
    <subfield code="b">NLR</subfield>
    <subfield code="c">20011115</subfield>
  </datafield>
  <datafield tag="899" ind1=" " ind2=" ">
    <subfield code="a">&#x411;&#x410;&#x41D;</subfield>
  </datafield>
  <datafield tag="899" ind1=" " ind2=" ">
    <subfield code="a">&#x413;&#x41F;&#x418;&#x411;</subfield>
  </datafield>
  <datafield tag="899" ind1=" " ind2=" ">
    <subfield code="a">&#x411;&#x410;&#x41D;</subfield>
  </datafield>
  <datafield tag="899" ind1=" " ind2=" ">
    <subfield code="a">&#x413;&#x41F;&#x418;&#x411;</subfield>
  </datafield>
  <datafield tag="942" ind1=" " ind2=" ">
    <subfield code="c">BOOK</subfield>
  </datafield>
  <datafield tag="980" ind1=" " ind2=" ">
    <subfield code="a">NB</subfield>
  </datafield>
  <datafield tag="980" ind1=" " ind2=" ">
    <subfield code="a">A1XVIIIv</subfield>
  </datafield>
</record>
